[Event "46th World U20 ch"]
[Site "Yerevan ARM"]
[Date "2007.10.15"]
[Round "12.12"]
[White "Khairullin, Ildar"]
[Black "Kulakov, Viacheslav"]
[Result "1-0"]
[WhiteElo "2567"]
[BlackElo "2261"]
[EventDate "2007.10.03"]
[PlyCount "59"]

1.e4 e5 2.Bc4 Nc6 3.Nf3 d6 4.c3 Be7 5.Qb3 Nh6 6.d4 O-O 7.Bxh6 gxh6 8.Nbd2 
Bg5 9.dxe5 Nxe5 10.O-O Ng6 11.Rfe1 c6 12.Qc2 Kh8 13.Nd4 Ne5 14.Be2 c5 15.
N4f3 f5 16.Nxe5 dxe5 17.Nf3 Qf6 18.exf5 Bxf5 19.Bd3 Rad8 20.Bxf5 Qxf5 21.
Qxf5 Rxf5 22.Rxe5 Rxe5 23.Nxe5 Rd2 24.Nc4 Rc2 25.a4 Kg8 26.g3 b6 27.Rd1 a6
28.h4 Be7 29.Rd7 Kf7 30.Rb7 1-0

[Event "46th World U20 ch"]
[Site "Yerevan ARM"]
[Date "2007.10.15"]
[Round "12.14"]
[White "Ter-Sahakyan, Samvel"]
[Black "Howell, David"]
[Result "0-1"]
[WhiteElo "2389"]
[BlackElo "2527"]
[EventDate "2007.10.03"]
[PlyCount "64"]

1.e4 e5 2.Nf3 Nc6 3.Nc3 Nf6 4.d4 exd4 5.Nxd4 Bb4 6.Nxc6 bxc6 7.Bd3 d5 8.
exd5 cxd5 9.O-O O-O 10.Bg5 c6 11.Qf3 Be7 12.h3 h6 13.Bf4 Nh7 14.Rfe1 Ng5 
15.Qg3 Ne6 16.Bxh6 Bd6 17.Qg4 Qf6 18.Bd2 Nf4 19.Qd1 Bxh3 20.Bxf4 Qxf4 21.
g3 Qh6 22.Qf3 Rab8 23.Rab1 f5 24.Nxd5 Bg4 25.Qg2 cxd5 26.Qxd5+ Kh8 27.Re6 
Qh5 28.Kg2 Qh3+ 29.Kg1 f4 30.Rxd6 fxg3 31.Qg2 gxf2+ 32.Kf1 Rbe8 0-1

[Event "46th World U20 ch"]
[Site "Yerevan ARM"]
[Date "2007.10.15"]
[Round "12.16"]
[White "Margvelashvili, Giorgi"]
[Black "Llaneza Vega, Marcos"]
[Result "1/2-1/2"]
[WhiteElo "2451"]
[BlackElo "2426"]
[EventDate "2007.10.03"]
[PlyCount "60"]

1.d4 Nf6 2.c4 g6 3.Nc3 d5 4.Bg5 Bg7 5.Bxf6 Bxf6 6.cxd5 O-O 7.e3 c6 8.Bc4 
b5 9.Bb3 b4 10.Ne4 cxd5 11.Nxf6+ exf6 12.Ne2 Nc6 13.O-O Qd6 14.Nf4 Ne7 15.
Qd2 Ba6 16.Rfc1 Rfc8 17.g3 f5 18.Kg2 Kg7 19.h4 h5 20.Rxc8 Rxc8 21.a3 bxa3 
22.Rxa3 Rc6 23.Bd1 Qb8 24.Bf3 Bc4 25.Qa5 a6 26.Nxd5 Nxd5 27.Bxd5 Bxd5+ 28.
Qxd5 Qxb2 29.Rb3 Qc2 30.Qe5+ Rf6 1/2-1/2

[Event "46th World U20 ch"]
[Site "Yerevan ARM"]
[Date "2007.10.15"]
[Round "12.17"]
[White "Hungaski, Robert"]
[Black "Melkumian, Hrant"]
[Result "1/2-1/2"]
[WhiteElo "2432"]
[BlackElo "2469"]
[EventDate "2007.10.03"]
[PlyCount "144"]

1.d4 Nf6 2.c4 e6 3.Nc3 Bb4 4.Qc2 d5 5.a3 Bxc3+ 6.Qxc3 Ne4 7.Qc2 c5 8.dxc5 
Nc6 9.e3 a5 10.Nf3 a4 11.cxd5 exd5 12.Bd3 Qe7 13.O-O O-O 14.Bd2 Bf5 15.Nd4
Bg6 16.Nxc6 bxc6 17.Bxe4 dxe4 18.Qc4 Rfd8 19.Bc3 Bh5 20.Rae1 Rd5 21.f3 
exf3 22.gxf3 Qe6 23.Qh4 Qg6+ 24.Kh1 Rg5 25.Qh3 Re8 26.Rg1 h6 27.Bd4 Rd8 
28.Rg3 Rdd5 29.Qg2 Qe6 30.Rg1 Rxg3 31.Qxg3 Rg5 32.Qf2 Qh3 33.Rxg5 hxg5 34.
Kg1 Bxf3 35.Qg3 Qf5 36.Qe5 Qg4+ 37.Qg3 Qh5 38.h4 g4 39.Qb8+ Kh7 40.Qe5 Qg6
41.e4 g3 42.Qf5 Bxe4 43.Qxg6+ Kxg6 44.Be5 g2 45.Bc3 f6 46.Bd4 Kh5 47.Bf2 
Kg4 48.Be1 f5 49.Bf2 g6 50.Be1 Kf3 51.Bf2 Ke2 52.Bd4 Kf3 53.Bf2 Bd3 54.Be1
f4 55.Bf2 Bc4 56.Be1 Bd5 57.Bf2 Ke2 58.Bd4 Kd3 59.Bf2 Kc4 60.Kh2 Kb3 61.
Bd4 Kc2 62.Kg1 Kd3 63.Bf2 f3 64.Be1 Be6 65.Bf2 Kc4 66.Be3 Bd5 67.Bf2 Kb3 
68.Bd4 Kc2 69.Bc3 Kd1 70.Bd4 Kd2 71.Bf2 Kd3 72.Be1 Be4 1/2-1/2

[Event "46th World U20 ch"]
[Site "Yerevan ARM"]
[Date "2007.10.15"]
[Round "12.18"]
[White "Vovk, Yuriy"]
[Black "Hairapetian, Hovik"]
[Result "1-0"]
[WhiteElo "2561"]
[BlackElo "2374"]
[EventDate "2007.10.03"]
[PlyCount "91"]

1.e4 c5 2.Nf3 e6 3.d4 cxd4 4.Nxd4 a6 5.Nc3 Qc7 6.Be2 Nf6 7.O-O Nc6 8.Kh1 
Be7 9.f4 d6 10.a4 O-O 11.Be3 Bd7 12.Nb3 b6 13.Bf3 Rab8 14.g4 Bc8 15.g5 Nd7
16.Qe2 Bb7 17.Rad1 Rfe8 18.Qg2 Bf8 19.h4 Nb4 20.Bg1 Rbd8 21.h5 g6 22.Rd4 
Nc6 23.Rd2 Bg7 24.hxg6 fxg6 25.Qh3 Nf8 26.Nd1 Ne7 27.Ne3 d5 28.e5 Nf5 29.
Nd4 Re7 30.Ng4 Rf7 31.Nf6+ Bxf6 32.gxf6 Qc4 33.Ra1 b5 34.axb5 axb5 35.Be2 
Nxd4 36.Bxd4 Qc6 37.Qb3 Ba6 38.Ra5 Ra8 39.Qb4 g5 40.fxg5 Ng6 41.Qd6 Qc8 
42.Bg4 Nf8 43.Kh2 Bb7 44.Rxb5 Qc4 45.Rxb7 Rxb7 46.Bxe6+ 1-0

[Event "46th World U20 ch"]
[Site "Yerevan ARM"]
[Date "2007.10.15"]
[Round "12.19"]
[White "Kaplan, Sasha"]
[Black "Hambardzumian, Yuri"]
[Result "1-0"]
[WhiteElo "2466"]
[BlackElo "2387"]
[EventDate "2007.10.03"]
[PlyCount "173"]

1.e4 c5 2.Nf3 d6 3.d4 cxd4 4.Nxd4 Nf6 5.Nc3 a6 6.Be2 e5 7.Nb3 Be7 8.O-O 
O-O 9.Kh1 b6 10.Be3 Bb7 11.f3 b5 12.a4 b4 13.Nd5 Nxd5 14.exd5 Nd7 15.c3 
bxc3 16.bxc3 Bg5 17.Bf2 Qc7 18.c4 f5 19.a5 Nf6 20.Rb1 Rab8 21.Ba7 Rbe8 22.
Bb6 Qf7 23.c5 Bf4 24.g3 Bg5 25.cxd6 f4 26.Nc5 Bxd5 27.d7 Ra8 28.d8=Q Raxd8
29.Bxd8 Rxd8 30.Bc4 fxg3 31.hxg3 Rc8 32.Bxd5 Nxd5 33.Ne4 Qh5+ 34.Kg1 Be3+ 
35.Nf2 Nc3 36.Qb3+ Kf8 37.Qe6 Re8 38.Qd6+ Kg8 39.Rb8 Bd4 40.Qe6+ Kf8 41.
Rxe8+ Qxe8 42.Qxe8+ Kxe8 43.Kg2 Nd5 44.Rb1 Bc3 45.Rb7 Kf8 46.Ra7 Bxa5 47.
Rxa6 Bb6 48.Nd3 Bd4 49.Ra5 Ne3+ 50.Kh3 Nc4 51.Ra4 Nd6 52.f4 Nf7 53.fxe5 
Bxe5 54.Ra8+ Ke7 55.Ra7+ Kf6 56.Rxf7+ Kxf7 57.Nxe5+ Ke6 58.Nf3 Kf5 59.Kh4 
Kf6 60.Kh5 Kf5 61.Ng5 h6 62.Nf3 g6+ 63.Kh4 Ke4 64.Nh2 Kf5 65.Ng4 h5 66.Nf2
Kf6 67.Nd3 Kf5 68.Nb4 Kf6 69.Na6 Kf5 70.Nb8 Kf6 71.Nc6 Kf5 72.Nd4+ Kf6 73.
Nf3 Kf5 74.Nh2 Kf6 75.Kh3 Kf5 76.Kg2 Ke5 77.Kf3 Kf5 78.Nf1 Ke5 79.Ne3 g5 
80.Nc2 Kf5 81.Nd4+ Ke5 82.Ke3 Kd5 83.Nf3 Ke6 84.Nxg5+ Kf5 85.Nf3 Kg4 86.
Kf2 Kh3 87.Nh4 1-0

[Event "46th World U20 ch"]
[Site "Yerevan ARM"]
[Date "2007.10.15"]
[Round "12.21"]
[White "Bulski, Krzysztof"]
[Black "Benidze, Davit"]
[Result "1/2-1/2"]
[WhiteElo "2421"]
[BlackElo "2365"]
[EventDate "2007.10.03"]
[PlyCount "74"]

1.e4 e6 2.d4 d5 3.Nc3 Nf6 4.Bg5 dxe4 5.Nxe4 Be7 6.Bxf6 gxf6 7.Nf3 f5 8.Nc3
c6 9.g3 Nd7 10.Bg2 Qc7 11.Qe2 b5 12.Ne5 Bb7 13.O-O-O a6 14.Qe3 Rd8 15.Ne2 
Rg8 16.h4 c5 17.Bxb7 Qxb7 18.Nxd7 cxd4 19.Nxd4 Rxd7 20.Ne2 Rc7 21.Rhe1 Qc8
22.Qb3 Rc4 23.Kb1 Rgg4 24.Nf4 Bxh4 25.Nd5 Bd8 26.Ne3 Rb4 27.Nxf5 Be7 28.
Nxe7 Kxe7 29.Qa3 Kf6 30.f3 Rgd4 31.Qe3 Qc5 32.Qh6+ Ke7 33.b3 Rxd1+ 34.Rxd1
Rd4 35.Rf1 Qd5 36.Qe3 Qc5 37.Kb2 Rd5 1/2-1/2

[Event "46th World U20 ch"]
[Site "Yerevan ARM"]
[Date "2007.10.15"]
[Round "12.22"]
[White "Pancevski, Filip"]
[Black "Ibarra Chami, Luis Fernando"]
[Result "1-0"]
[WhiteElo "2340"]
[BlackElo "2416"]
[EventDate "2007.10.03"]
[PlyCount "107"]

1.e4 c5 2.Nf3 d6 3.d4 cxd4 4.Nxd4 Nf6 5.Nc3 Bd7 6.f3 e5 7.Nb3 a5 8.a4 Be7 
9.Be3 Na6 10.Bb5 Nb4 11.O-O O-O 12.Nd5 Nfxd5 13.exd5 Bf5 14.Rf2 b6 15.c3 
Na6 16.Qe2 Nc5 17.Nxc5 bxc5 18.Qd2 Bd7 19.Rff1 Rb8 20.Bc4 f5 21.b3 Bf6 22.
Rab1 f4 23.Bf2 Bh4 24.Bxh4 Qxh4 25.b4 cxb4 26.cxb4 Bf5 27.Rb2 Qd8 28.b5 
Rc8 29.Bd3 Qb6+ 30.Kh1 Bxd3 31.Qxd3 Rf7 32.Rc2 Rxc2 33.Qxc2 Rc7 34.Qd2 Rc4
35.Rc1 Qc5 36.Rxc4 Qxc4 37.Qd1 Qb4 38.h4 Kf7 39.Kh2 Ke7 40.Qc1 Kd8 41.Qc6 
Qe1 42.Qxd6+ Kc8 43.Qe6+ Kb7 44.Qg4 Kc7 45.h5 g6 46.hxg6 hxg6 47.Qg5 Kd7 
48.b6 Kd6 49.b7 Kc7 50.d6+ Kxb7 51.d7 Qg3+ 52.Qxg3 fxg3+ 53.Kxg3 Kc7 54.
Kg4 1-0

[Event "46th World U20 ch"]
[Site "Yerevan ARM"]
[Date "2007.10.15"]
[Round "12.23"]
[White "Priborsky, Jan"]
[Black "Simonian, Hrair"]
[Result "0-1"]
[WhiteElo "2359"]
[BlackElo "2405"]
[EventDate "2007.10.03"]
[PlyCount "126"]

1.e4 c5 2.Nf3 e6 3.d4 cxd4 4.Nxd4 a6 5.Nc3 b5 6.Bd3 Bc5 7.Nb3 Be7 8.Qg4 g6
9.Qe2 d6 10.O-O h5 11.a4 b4 12.Na2 Nc6 13.Bd2 Qb6 14.a5 Qb7 15.c3 bxc3 16.
Bxc3 Nf6 17.Nd4 Ne5 18.Bc2 Bd7 19.h3 g5 20.f4 gxf4 21.Rxf4 h4 22.Rf2 Nh5 
23.Nf3 Ng3 24.Qe3 Rh5 25.Re1 Bb5 26.Nc1 Qc7 27.Nd3 Nxd3 28.Bxd3 Bxd3 29.
Qxd3 d5 30.exd5 Rxd5 31.Qh7 O-O-O 32.b4 Nf5 33.Be5 Qc6 34.Qxf7 Bxb4 35.Rb1
R5d7 36.Qg6 Rd1+ 37.Rf1 Rxf1+ 38.Rxf1 Bxa5 39.Qf7 Bb6+ 40.Kh2 Qd7 41.Qf6 
Rg8 42.Ng5 Kb7 43.Qxe6 Qxe6 44.Nxe6 Ne3 45.Rf7+ Kc6 46.Bg7 a5 47.Rf8 Rxf8 
48.Bxf8 Kd5 49.Nf4+ Kc4 50.Ne2 Nf1+ 51.Kh1 Kd3 52.Nf4+ Ke4 53.Ng6 Ng3+ 54.
Kh2 Nf5 55.g4 hxg3+ 56.Kg2 Bc7 57.h4 Ne3+ 58.Kg1 Kf3 59.h5 Nf5 60.Bc5 a4 
61.Bd4 Nxd4 62.Nh4+ Kg4 63.h6 Kxh4 0-1

[Event "46th World U20 ch"]
[Site "Yerevan ARM"]
[Date "2007.10.15"]
[Round "12.24"]
[White "Bregadze, Levan"]
[Black "Galic, Ivan"]
[Result "1-0"]
[WhiteElo "2388"]
[BlackElo "2255"]
[EventDate "2007.10.03"]
[PlyCount "61"]

1.d4 d5 2.Nf3 Nf6 3.c4 c6 4.Nc3 dxc4 5.a4 Bf5 6.Ne5 Nbd7 7.Nxc4 Nb6 8.Ne5 
a5 9.e3 Nfd7 10.e4 Nxe5 11.exf5 Ned7 12.Be3 Nf6 13.Qb3 Nfd5 14.Nxd5 Nxd5 
15.Qxb7 Nb4 16.Rc1 Rb8 17.Qa7 g6 18.Qc5 Bg7 19.Bc4 O-O 20.O-O Qd6 21.fxg6 
hxg6 22.Qxa5 Bxd4 23.Bxd4 Qxd4 24.Qg5 e6 25.b3 Rfd8 26.h4 Kg7 27.h5 Rh8 
28.Rfd1 Qa7 29.Qe5+ f6 30.Qxe6 Rb7 31.h6+ 1-0

[Event "46th World U20 ch"]
[Site "Yerevan ARM"]
[Date "2007.10.15"]
[Round "12.25"]
[White "Mamikonian, Tigran"]
[Black "Nigalidze, Gaioz"]
[Result "0-1"]
[WhiteElo "2257"]
[BlackElo "2440"]
[EventDate "2007.10.03"]
[PlyCount "78"]

1.e4 c5 2.Nf3 d6 3.d4 cxd4 4.Nxd4 Nf6 5.Nc3 a6 6.Bc4 e6 7.Be3 b5 8.Bd3 e5 
9.Nde2 Bb7 10.Ng3 h5 11.Bg5 h4 12.Nf5 h3 13.Qf3 hxg2 14.Qxg2 Nbd7 15.O-O-O
Rc8 16.f4 Rxc3 17.bxc3 g6 18.Ne3 Qa5 19.f5 Qxc3 20.fxg6 d5 21.gxf7+ Kxf7 
22.Rdf1 Ba3+ 23.Kd1 dxe4 24.Bc4+ bxc4 25.Bxf6 Nxf6 26.Rxf6+ Kxf6 27.Rf1+ 
Ke6 28.Qg6+ Kd7 29.Rf7+ Kc8 30.Qg4+ Kb8 31.Rxb7+ Kxb7 32.Qg7+ Kc6 33.Qxh8 
Qxe3 34.Qc8+ Kb5 35.Qd7+ Kb4 36.Qd6+ Qc5 37.c3+ Ka5 38.Qd8+ Ka4 39.Ke2 Qd6
0-1

[Event "46th World U20 ch"]
[Site "Yerevan ARM"]
[Date "2007.10.15"]
[Round "12.26"]
[White "Gevorgian, David"]
[Black "Feller, Sebastien"]
[Result "0-1"]
[WhiteElo "2141"]
[BlackElo "2513"]
[EventDate "2007.10.03"]
[PlyCount "114"]

1.g3 d5 2.Bg2 g6 3.d3 Bg7 4.Nd2 e5 5.e4 Ne7 6.Ngf3 Nbc6 7.O-O O-O 8.c3 a5 
9.exd5 Nxd5 10.a4 h6 11.Re1 Be6 12.Nc4 f6 13.Qc2 Nde7 14.Be3 b6 15.Rad1 
Qe8 16.Bc1 Qf7 17.b3 Bd5 18.Ba3 Rfd8 19.Qe2 g5 20.d4 e4 21.Nfd2 f5 22.f3 
exf3 23.Nxf3 Ng6 24.Nfe5 Ncxe5 25.Nxe5 Bxe5 26.dxe5 Qe6 27.Rxd5 Rxd5 28.
Bxd5 Qxd5 29.c4 Qe6 30.Bb2 f4 31.Qd3 Rf8 32.Qd5 Qxd5 33.cxd5 fxg3 34.hxg3 
Rf3 35.d6 cxd6 36.exd6 Rxg3+ 37.Kf2 Rd3 38.Re6 Nf8 39.Ke2 Nxe6 40.Kxd3 g4 
41.Be5 Kf7 42.Kc4 Nc5 43.Kd5 h5 44.Bg3 Nxb3 45.d7 Ke7 46.Kc6 Nd4+ 47.Kc7 
Ne6+ 48.Kc6 Nd8+ 49.Kc7 Nf7 50.Bh4+ Ke6 51.Bg3 Kf5 52.Kxb6 Kg5 53.Bd6 h4 
54.Be7+ Kh5 55.Kc5 g3 56.Kd5 h3 57.Ke6 Kg6 0-1

[Event "46th World U20 ch"]
[Site "Yerevan ARM"]
[Date "2007.10.15"]
[Round "12.27"]
[White "Nithander, Victor"]
[Black "Pileckis, Emilis"]
[Result "1/2-1/2"]
[WhiteElo "2367"]
[BlackElo "2349"]
[EventDate "2007.10.03"]
[PlyCount "95"]

1.e4 c5 2.Nf3 Nc6 3.d4 cxd4 4.Nxd4 Nf6 5.Nc3 e5 6.Ndb5 d6 7.Bg5 a6 8.Na3 
b5 9.Nd5 Be7 10.Bxf6 Bxf6 11.c3 Bg5 12.Nc2 Ne7 13.a4 bxa4 14.Ncb4 O-O 15.
Qxa4 a5 16.Bb5 Nxd5 17.Nxd5 Be6 18.Bc6 Rb8 19.O-O Rxb2 20.Qxa5 Qb8 21.Qa8 
g6 22.Qxb8 Rfxb8 23.Ra8 Rxa8 24.Bxa8 Bd2 25.g3 Bh3 26.Ra1 Rc2 27.Bc6 Bxc3 
28.Ba4 Bxa1 29.Bxc2 Bd4 30.Bd3 Kf8 31.Bf1 Be6 32.Kg2 f5 33.f3 Bxd5 34.exd5
e4 35.fxe4 fxe4 36.Kh3 Bf2 37.Kg4 Kf7 38.Kf4 e3 39.g4 Kf6 40.Be2 Ke7 41.h3
Kd7 42.Bf1 Kc7 43.Ke4 Kb6 44.Be2 Kc5 45.Bf1 Bh4 46.Be2 Bg5 47.Bf1 Kb6 48.
h4 1/2-1/2

[Event "46th World U20 ch"]
[Site "Yerevan ARM"]
[Date "2007.10.15"]
[Round "12.28"]
[White "Hovhannisian, Robert"]
[Black "Nasri, Amin"]
[Result "1-0"]
[WhiteElo "2273"]
[BlackElo "2364"]
[EventDate "2007.10.03"]
[PlyCount "117"]

1.e4 e5 2.Nf3 Nf6 3.Nxe5 d6 4.Nf3 Nxe4 5.d4 d5 6.Bd3 Nc6 7.O-O Bg4 8.c4 
Nf6 9.Nc3 Bxf3 10.Qxf3 Nxd4 11.Qh3 Be7 12.Bg5 dxc4 13.Bxc4 Qc8 14.Qd3 Ne6 
15.Bxf6 Bxf6 16.Nd5 Bd8 17.Qa3 c6 18.Rfe1 b5 19.Bd3 Qd7 20.Nf4 Be7 21.Nxe6
Bxa3 22.Nc5+ Qe7 23.bxa3 Qxe1+ 24.Rxe1+ Kd8 25.a4 bxa4 26.Bc4 Re8 27.Rd1+ 
Kc7 28.Na6+ Kb7 29.Rb1+ Kc8 30.Bxf7 Re7 31.Bh5 Kd8 32.Bf3 Rc8 33.Bg4 Ra8 
34.Nb4 Rc7 35.Rc1 Ke8 36.Bf3 Kf8 37.g3 Rd8 38.Rc4 Rd2 39.a3 c5 40.Nd5 Rb7 
41.Rxa4 Rb1+ 42.Kg2 Rbb2 43.Rf4+ Ke8 44.Be4 Rb3 45.Nc7+ Ke7 46.Bd5 Rbb2 
47.Bc4 a5 48.Ne6 Rbc2 49.Nxc5 g5 50.Rf7+ Ke8 51.Ne4 Rd4 52.Nf6+ Kd8 53.Bf1
Ra2 54.Nxh7 g4 55.Ng5 Rd7 56.Ne6+ Ke8 57.Rxd7 Kxd7 58.Bb5+ Kd6 59.a4 1-0

[Event "46th World U20 ch"]
[Site "Yerevan ARM"]
[Date "2007.10.15"]
[Round "12.30"]
[White "Arun, Karthik Ravichandra"]
[Black "Alaguzov, Maxat"]
[Result "1-0"]
[WhiteElo "2391"]
[BlackElo "2358"]
[EventDate "2007.10.03"]
[PlyCount "81"]

1.e4 e5 2.Nf3 Nc6 3.Bb5 a6 4.Ba4 Nf6 5.O-O Be7 6.Re1 b5 7.Bb3 d6 8.c3 O-O 
9.h3 Na5 10.Bc2 c5 11.d4 Qc7 12.Nbd2 cxd4 13.cxd4 Rd8 14.b3 Nc6 15.Bb2 Bb7
16.Rc1 Qb6 17.d5 Nb4 18.Bb1 a5 19.Qe2 Na6 20.a4 bxa4 21.Nc4 Qxb3 22.Ba3 
Qb5 23.Nfxe5 Qe8 24.Nd3 Nb4 25.Nxb4 axb4 26.Bxb4 Ba6 27.Bd3 Bxc4 28.Bxc4 
Rdb8 29.Ba3 g6 30.Rb1 Rxb1 31.Rxb1 Bf8 32.Bd3 Rb8 33.Rxb8 Qxb8 34.Bc2 Qe8 
35.Qc4 Qe5 36.Qxa4 Bh6 37.g3 Bd2 38.Qb3 Nxe4 39.Bxe4 Qxe4 40.Qb8+ Kg7 41.
Qb2+ 1-0

[Event "46th World U20 ch"]
[Site "Yerevan ARM"]
[Date "2007.10.16"]
[Round "13.1"]
[White "Popov, Ivan"]
[Black "Andreikin, Dmitry"]
[Result "1/2-1/2"]
[WhiteElo "2539"]
[BlackElo "2555"]
[EventDate "2007.10.03"]
[PlyCount "37"]

1.e4 e6 2.d4 d5 3.Nc3 Nf6 4.Bg5 Be7 5.e5 Nfd7 6.h4 O-O 7.Bd3 c5 8.Qh5 g6 
9.Qh6 cxd4 10.Nf3 Nxe5 11.Nxe5 dxc3 12.Nxg6 fxg6 13.Bxg6 hxg6 14.Qxg6+ Kh8
15.Qh6+ Kg8 16.Qg6+ Kh8 17.Rh3 cxb2 18.Qh6+ Kg8 19.Qg6+ 1/2-1/2

[Event "46th World U20 ch"]
[Site "Yerevan ARM"]
[Date "2007.10.16"]
[Round "13.2"]
[White "Adly, Ahmed"]
[Black "Meier, Georg"]
[Result "1-0"]
[WhiteElo "2494"]
[BlackElo "2558"]
[EventDate "2007.10.03"]
[PlyCount "101"]

1.Nf3 Nf6 2.g3 d5 3.Bg2 c6 4.O-O Bg4 5.c4 e6 6.b3 Nbd7 7.Bb2 Bd6 8.d3 O-O 
9.Nbd2 Qe7 10.a3 e5 11.e4 dxe4 12.dxe4 a5 13.h3 Bxf3 14.Nxf3 Rfd8 15.Qc2 
Ne8 16.Rfd1 f6 17.h4 Nf8 18.Bh3 Nc7 19.Bc3 Nce6 20.Qb2 Nc5 21.Qb1 Nce6 22.
h5 Bc5 23.Rxd8 Nxd8 24.Nh4 g6 25.hxg6 hxg6 26.Kg2 Nf7 27.Ra2 Ng5 28.Bg4 
Bd4 29.Bd2 Nge6 30.b4 axb4 31.axb4 Rd8 32.c5 b6 33.cxb6 Bxb6 34.Bh6 Qh7 
35.Qc1 Nd4 36.Ra6 Bc7 37.Be3 Qe7 38.Qc4+ Kg7 39.Ra7 Nb5 40.Ra6 Nd4 41.Nf3 
Nfe6 42.Bxe6 Qxe6 43.Qxe6 Nxe6 44.Rxc6 Kf7 45.b5 Ke7 46.Nd2 f5 47.Nc4 f4 
48.Bc5+ Kf6 49.b6 Bb8 50.Bd6 f3+ 51.Kh3 1-0

[Event "46th World U20 ch"]
[Site "Yerevan ARM"]
[Date "2007.10.16"]
[Round "13.9"]
[White "Gupta, Abhijeet"]
[Black "Brandenburg, Daan"]
[Result "1/2-1/2"]
[WhiteElo "2470"]
[BlackElo "2483"]
[EventDate "2007.10.03"]
[PlyCount "38"]

1.d4 d5 2.c4 dxc4 3.Nf3 Nf6 4.e3 e6 5.Bxc4 c5 6.O-O a6 7.Bd3 Nc6 8.Nc3 
cxd4 9.exd4 Be7 10.Bg5 O-O 11.Rc1 Nb4 12.Bb1 b5 13.Re1 Bb7 14.Ne5 Rc8 15.
Re3 g6 16.Rg3 Nc6 17.Rd3 Nb4 18.Rg3 Nc6 19.Rd3 Nb4 1/2-1/2

[Event "46th World U20 ch"]
[Site "Yerevan ARM"]
[Date "2007.10.16"]
[Round "13.14"]
[White "Simonian, Hrair"]
[Black "Ragger, Markus"]
[Result "1-0"]
[WhiteElo "2405"]
[BlackElo "2528"]
[EventDate "2007.10.03"]
[PlyCount "131"]

1.e4 c5 2.Nc3 e6 3.Nf3 a6 4.d4 cxd4 5.Nxd4 Qc7 6.Bd3 Nc6 7.Be3 Nf6 8.O-O 
Ne5 9.h3 Bc5 10.Qe2 d6 11.Nb3 Bxe3 12.Qxe3 O-O 13.a4 b6 14.f4 Ng6 15.Rae1 
Bb7 16.e5 dxe5 17.fxe5 Nd7 18.Bxg6 hxg6 19.Rf2 Rad8 20.Nc1 Nb8 21.Nd3 Rd7 
22.h4 Nc6 23.h5 Ne7 24.Qg5 Rd4 25.Ne2 Re4 26.Nef4 Rxe1+ 27.Nxe1 Be4 28.Re2
Qb7 29.Re3 Nf5 30.Re2 Ne7 31.g4 Rd8 32.h6 gxh6 33.Qxh6 Qc6 34.Kf1 Qc4 35.
Qg5 Rd2 36.b3 Qc3 37.Qxe7 Rxe2 38.Qd8+ Kh7 39.Qh4+ Kg8 40.Nxe2 Qxe5 41.
Qd8+ Kh7 42.Qd4 Qxd4 43.Nxd4 e5 44.Ndf3 f6 45.g5 Kg7 46.Kf2 Bc6 47.Ke3 a5 
48.c4 Bb7 49.Nc2 Kf7 50.Na3 Ke6 51.gxf6 Kxf6 52.c5 bxc5 53.Nc4 g5 54.Nfxe5
Ke6 55.Nd3 Kd5 56.Nxa5 Ba6 57.Nb2 g4 58.Nac4 g3 59.Nd2 Bc8 60.Kf3 Bf5 61.
Nbc4 Kd4 62.Kxg3 Kc3 63.a5 Kb4 64.Kf4 Bc8 65.Ke5 Kb5 66.Nd6+ 1-0

[Event "46th World U20 ch"]
[Site "Yerevan ARM"]
[Date "2007.10.16"]
[Round "13.15"]
[White "Gopal, Geetha Narayanan"]
[Black "Bregadze, Levan"]
[Result "1-0"]
[WhiteElo "2520"]
[BlackElo "2388"]
[EventDate "2007.10.03"]
[PlyCount "85"]

1.e4 c5 2.Nf3 d6 3.d4 cxd4 4.Nxd4 Nf6 5.Nc3 Nc6 6.Bg5 e6 7.Qd2 Qb6 8.Bxf6 
gxf6 9.Nb3 Bd7 10.O-O-O O-O-O 11.f4 Rg8 12.g3 Kb8 13.Be2 Na5 14.Kb1 Rc8 
15.Bh5 Nc4 16.Qd4 Qxd4 17.Nxd4 Rg7 18.f5 Be7 19.Bxf7 Na3+ 20.bxa3 e5 21.
Nd5 Rxf7 22.Ne6 Bd8 23.g4 Ba5 24.h4 h6 25.Rhg1 Rc4 26.g5 hxg5 27.hxg5 fxg5
28.Nxg5 Rf8 29.f6 Ba4 30.Rg2 Rfc8 31.f7 Rxc2 32.Rf1 Rxg2 33.f8=Q Rxg5 34.
Qxd6+ Ka8 35.Qc5 Kb8 36.Qxa5 Bc2+ 37.Ka1 Bxe4 38.Ne7 Rh8 39.Qd2 Rg4 40.
Qd6+ Ka8 41.Nd5 a6 42.Nb6+ Ka7 43.Qc5 1-0

[Event "46th World U20 ch"]
[Site "Yerevan ARM"]
[Date "2007.10.16"]
[Round "13.16"]
[White "Llaneza Vega, Marcos"]
[Black "Deepan Chakravarthy, Jeyakumar"]
[Result "0-1"]
[WhiteElo "2426"]
[BlackElo "2492"]
[EventDate "2007.10.03"]
[PlyCount "66"]

1.e4 c5 2.Nf3 d6 3.d4 cxd4 4.Nxd4 Nf6 5.Nc3 a6 6.Be3 e6 7.g4 h6 8.h3 b5 9.
Bg2 Bb7 10.a3 Nbd7 11.Qe2 Rc8 12.O-O g5 13.Rad1 Rxc3 14.bxc3 Bxe4 15.c4 
Bxg2 16.Kxg2 Qa8+ 17.f3 bxc4 18.Qxc4 Ne5 19.Qa4+ Ke7 20.c4 Bg7 21.c5 Nd5 
22.cxd6+ Kxd6 23.Rfe1 Rc8 24.Bd2 Ke7 25.Bb4+ Kf6 26.Re4 Kg6 27.Qb3 Kh7 28.
Qb1 Ng6 29.Ne2 f5 30.Re5 Nh4+ 31.Kh2 Nxb4 32.Qb3 Nxf3+ 33.Kg3 Nh4 0-1

[Event "46th World U20 ch"]
[Site "Yerevan ARM"]
[Date "2007.10.16"]
[Round "13.17"]
[White "Kulakov, Viacheslav"]
[Black "Banusz, Tamas"]
[Result "1/2-1/2"]
[WhiteElo "2261"]
[BlackElo "2491"]
[EventDate "2007.10.03"]
[PlyCount "69"]

1.d4 d5 2.c4 c6 3.cxd5 cxd5 4.Nc3 Nf6 5.Bf4 Nc6 6.e3 a6 7.Bd3 e6 8.Rc1 Bd6
9.Nge2 O-O 10.O-O e5 11.dxe5 Nxe5 12.Bb1 Be6 13.Bg5 Ng6 14.f4 Bg4 15.Nxd5 
Bb8 16.Nxf6+ gxf6 17.Qxd8 Rxd8 18.Bxf6 Rd6 19.h3 Ba7 20.Nd4 Rxf6 21.Bxg6 
hxg6 22.hxg4 Re8 23.Nc2 Rxe3 24.Nxe3 Bxe3+ 25.Kh2 Bxc1 26.Rxc1 Rxf4 27.Rc7
Rb4 28.b3 g5 29.Kg3 Kg7 30.Rc4 Rxc4 31.bxc4 Kf6 32.Kf3 Ke5 33.Ke3 b6 34.a3
a5 35.a4 1/2-1/2

[Event "46th World U20 ch"]
[Site "Yerevan ARM"]
[Date "2007.10.16"]
[Round "13.18"]
[White "Melkumian, Hrant"]
[Black "Pancevski, Filip"]
[Result "1/2-1/2"]
[WhiteElo "2469"]
[BlackElo "2340"]
[EventDate "2007.10.03"]
[PlyCount "108"]

1.d4 Nf6 2.c4 g6 3.g3 d6 4.Nf3 Bg7 5.Bg2 O-O 6.O-O Nc6 7.Nc3 a6 8.d5 Na5 
9.Nd2 c5 10.Rb1 Rb8 11.b3 b5 12.Bb2 Bh6 13.Ba1 Bd7 14.Qc2 Bf5 15.e4 Bd7 
16.f4 bxc4 17.bxc4 Qc7 18.h3 Bg7 19.g4 Rb4 20.a3 Rxb1 21.Ncxb1 Rb8 22.Re1 
e5 23.dxe6 fxe6 24.e5 Ne8 25.exd6 Qxd6 26.Bxg7 Nxg7 27.Ne4 Qd4+ 28.Qf2 Bc6
29.Nbd2 Rb2 30.Qxd4 cxd4 31.Rb1 Rxb1+ 32.Nxb1 Nxc4 33.Nf6+ Kf7 34.Nxh7 
Bxg2 35.Kxg2 e5 36.Ng5+ Ke7 37.fxe5 Nxe5 38.Nf3 Nc6 39.Nbd2 Kd6 40.h4 Kd5 
41.Kg3 Na7 42.Ne1 Nb5 43.Nd3 Ne6 44.a4 Nc3 45.Nb4+ Ke5 46.Nd3+ Kd5 47.Nb4+
Ke5 48.a5 Ne4+ 49.Nxe4 Kxe4 50.Nxa6 d3 51.Kf2 d2 52.Ke2 Nd4+ 53.Kxd2 Nb3+ 
54.Ke2 Nxa5 1/2-1/2

[Event "46th World U20 ch"]
[Site "Yerevan ARM"]
[Date "2007.10.16"]
[Round "13.19"]
[White "Feller, Sebastien"]
[Black "Kalashian, David"]
[Result "1/2-1/2"]
[WhiteElo "2513"]
[BlackElo "2361"]
[EventDate "2007.10.03"]
[PlyCount "128"]

1.d4 Nf6 2.c4 e6 3.Nf3 b6 4.g3 Ba6 5.Qa4 Bb7 6.Bg2 c5 7.dxc5 Bxc5 8.Nc3 
O-O 9.O-O a6 10.Bf4 Be7 11.Rfd1 d6 12.Qb4 Ne8 13.c5 dxc5 14.Qb3 Qc8 15.
Qxb6 Nf6 16.Rac1 Nbd7 17.Qa5 Bc6 18.Qc7 Qxc7 19.Bxc7 Rfc8 20.Bf4 Nb6 21.
Bd6 Kf8 22.Ne5 Bxg2 23.Kxg2 Ra7 24.Rc2 Rb7 25.Rcd2 Nbd5 26.Nxd5 exd5 27.
Bxe7+ Kxe7 28.Nd3 c4 29.Ne5 Rc5 30.Nf3 Ra5 31.b3 cxb3 32.axb3 Rxb3 33.Nd4 
Rc3 34.Rb2 g6 35.Rb7+ Kf8 36.Rdb1 Ne8 37.Ra7 Rac5 38.Rxa6 Kg7 39.Ra8 Rc8 
40.Rxc8 Rxc8 41.Rb5 Nf6 42.Rb7 Kg8 43.h3 Re8 44.g4 h6 45.f3 Kf8 46.h4 Re7 
47.Rb6 Kg7 48.h5 Re5 49.hxg6 Kxg6 50.Kf2 h5 51.f4 Re4 52.gxh5+ Kxh5 53.
Rxf6 Rxd4 54.Rxf7 Kg4 55.Rg7+ Kf5 56.e3 Ra4 57.Rg5+ Ke6 58.Rg6+ Ke7 59.f5 
Re4 60.Kf3 Re5 61.Kf4 Re4+ 62.Kg5 Rxe3 63.Rg7+ Kd6 64.f6 d4 1/2-1/2

[Event "46th World U20 ch"]
[Site "Yerevan ARM"]
[Date "2007.10.16"]
[Round "13.21"]
[White "Nigalidze, Gaioz"]
[Black "Ter-Sahakyan, Samvel"]
[Result "1/2-1/2"]
[WhiteElo "2440"]
[BlackElo "2389"]
[EventDate "2007.10.03"]
[PlyCount "67"]

1.d4 d5 2.c4 c6 3.Nf3 Nf6 4.Nc3 dxc4 5.a4 Bf5 6.Ne5 e6 7.Nxc4 c5 8.dxc5 
Qxd1+ 9.Nxd1 Bxc5 10.f3 Nc6 11.e4 Bg6 12.Be3 Nd7 13.Nc3 Ke7 14.O-O-O Bxe3+
15.Nxe3 Nc5 16.Bc4 Rhd8 17.Rxd8 Rxd8 18.Rd1 Rc8 19.b3 f6 20.Kb2 Bf7 21.Nb5
a6 22.Nd6 Rd8 23.Nxf7 Rxd1 24.Nxd1 Kxf7 25.Kc3 Ke7 26.Nb2 e5 27.Bd5 Kd7 
28.Kc4 Kd6 29.b4 Nd7 30.a5 b6 31.Nd3 bxa5 32.Bxc6 Kxc6 33.bxa5 Kd6 34.Nb4 
1/2-1/2

[Event "46th World U20 ch"]
[Site "Yerevan ARM"]
[Date "2007.10.16"]
[Round "13.26"]
[White "Hambardzumian, Yuri"]
[Black "Kjartansson, Gudmundur"]
[Result "1-0"]
[WhiteElo "2387"]
[BlackElo "2324"]
[EventDate "2007.10.03"]
[PlyCount "119"]

1.e4 c6 2.d4 d5 3.Nd2 dxe4 4.Nxe4 Bf5 5.Ng3 Bg6 6.h4 h6 7.Nf3 Nd7 8.h5 Bh7
9.Bd3 Bxd3 10.Qxd3 e6 11.Bf4 Qa5+ 12.Bd2 Bb4 13.c3 Be7 14.c4 Qc7 15.O-O-O 
Ngf6 16.Ne4 O-O 17.Nxf6+ Nxf6 18.g4 Nxg4 19.Rdg1 f5 20.Qe2 Rae8 21.Ne5 
Nxe5 22.dxe5 f4 23.Qe4 Bg5 24.f3 Rf5 25.Bc3 Rd8 26.Rd1 Qf7 27.c5 Rd5 28.
Rxd5 exd5 29.Qb4 Bd8 30.Re1 Qe7 31.e6 b6 32.Qa4 Qxc5 33.Kb1 Be7 34.Qxa7 
Rxh5 35.a3 Qd6 36.Qxb6 d4 37.Bxd4 Rb5 38.Qa7 Rd5 39.Re4 c5 40.Qa8+ Kh7 41.
Bc3 Rd3 42.Re2 Rd1+ 43.Ka2 Qd3 44.Qe4+ Qxe4 45.Rxe4 g5 46.a4 h5 47.a5 h4 
48.a6 Rd6 49.Ra4 Rd8 50.Kb3 Kg6 51.a7 Ra8 52.Be5 Kf5 53.Bb8 h3 54.Kc4 h2 
55.Ra1 Bd6 56.Bxd6 Rxa7 57.e7 Rxa1 58.e8=Q Ra7 59.Qe4+ Kf6 60.Be5+ 1-0